Commentary on code of Civil Procedure, 1908: P.K. Majumdar

محفوظ في:
التفاصيل البيبلوغرافية
المؤلف الرئيسي: Majumdar, P.K
مؤلفون آخرون: Kataria, R.P. (ed.)
التنسيق: كتاب
منشور في: New Delhi : Orient publishing company, c2005.
الطبعة:5th ed.
الموضوعات:
الوسوم: إضافة وسم
لا توجد وسوم, كن أول من يضع وسما على هذه التسجيلة!

MARC

LEADER 00000cam a2200000 a 4500
005 20260414103457.0
020 |a N/A  |c TZS 58,163/= 
040 |a MCCL  |b eng.  |e AACR 2nd rev. ed. 
082 |a 347.5405 MAJ 
100 |a Majumdar, P.K 
245 0 0 |a Commentary on code of Civil Procedure, 1908:  |c As amended by Act No. 46 of 1999 and act no. 22 of 2002 (w.e.f.1.7.2002) alongwith state & high court amendments/   |b P.K. Majumdar 
250 |a 5th ed. 
260 |a New Delhi :  |b Orient publishing company,  |c c2005. 
300 |a ccxl,2822P.:  |c 25 cm. 
500 |a Cover title: Civil procedure code. 
500 |a Includes index. 
546 |a eng. 
650 0 |a Civil procedure  |z Pakistan. 
700 1 |a Kataria, R.P. (ed.) 
942 |c BK 
999 |c 12597  |d 12597